உலகக் கல்வி வரலாறு

Saved in:
Bibliographic Details
Main Author: ஜெயராசா
Format: Book
Language:English
Published: கொழும்பு சேமமடு பதிப்பகம் 2018
Tags: Add Tag
No Tags, Be the first to tag this record!

MARC

LEADER 00000nam a22000007a 4500
005 20260105123944.0
008 260105b |||||||| |||| 00| 0 eng d
020 |a 9789551857790 
082 |a 375.008  |b ஜெயரா 
100 |a ஜெயராசா 
245 |a உலகக் கல்வி வரலாறு  |c சபா.ஜெயராசா 
260 |a கொழும்பு  |b சேமமடு பதிப்பகம்  |c 2018 
300 |a 112 
942 |c BK 
999 |c 16572  |d 16572